000 00353cam a22001097a 4500
008 180718b1962 xxu||||| |||| 00| 0 eng d
082 _aG2x54 2
245 _aSecond Lok Sabha: activities and achievements, 1957-62
_cby Lok Sabha Secretariat
260 _aNew Delhi
_bLok Sabha Secretariat
_c1962
300 _a111+p.
700 _aIndia. Lok Sabha Secretariat
999 _c485737
_d485737